000 00683cab a2200253 4500
001 X2024
008 090401t1995 xxu||||| |||| 00| 0 eng d
035 _a(Sirsi) u21245
041 _aeng
245 _aTaxation of subcontractors: proposals welcomed by RICS
260 _c1995
350 _a0
490 _aCSM (Chartered Surveyor Monthly)
_v4(4) February 1995, 49(1)
650 _aCONSTRUCTION WORKERS
650 _aFINANCE BILL 1995
650 _aINLAND REVENUE
650 _aSELF-EMPLOYED
650 _aSUBCONTRACTORS EXEMPTION CERTIFICATE
650 _aSUBCONTRACTORS
690 _aBUILT ENVIRONMENT
690 _aTAXATION
942 _n0
948 _c04/03/1997
999 _c14262
_d14262